Перспективные материалы конструкционного и функционального назначения: сборник научных трудов Международной научно-технической молодежной конференции, Томск, 21–25 сентября 2020 г.

التفاصيل البيبلوغرافية
مؤلفون مشاركون: Перспективные материалы конструкционного и функционального назначения конференция, Национальный исследовательский Томский политехнический университет Инженерная школа новых производственных технологий
مؤلفون آخرون: Буякова С. П. Светлана Петровна (редактор)
الملخص:Заглавие с экрана
Разработка новых материалов и технологий получения изделий из них - одно из направлений развития технологического комплекса РФ. В сборнике представлены результаты широкого спектра научных работ, выполненных посредством численного моделирования поведения новых перспективных материалов и экспериментальных исследований. Большинство исследований выполнено молодыми исследователями под руководством известных ученых. Результаты исследований, приведенные в сборнике, касаются проблем надежности конструкционных материалов, создания новых функциональных материалов для возобновляемых источников энергии, термостойких и хладостойких материалов, методов модификации поверхности, технологий поверхностной обработки изделий. Знакомство молодых исследователей со сборником позволит им расширить свой кругозор в научном мире и сформировать научные коммуникативные компетенции. Материалы сборника трудов представляют интерес как для студентов, так и для молодых ученых, занимающихся проблемами материаловедения, разработкой технологий получения изделий из новых перспективных материалов.
اللغة:الروسية
منشور في: Томск, Изд-во ТПУ, 2020
الموضوعات:
الوصول للمادة أونلاين:http://earchive.tpu.ru/handle/11683/63821
التنسيق: الكتروني كتاب
KOHA link:https://koha.lib.tpu.ru/cgi-bin/koha/opac-detail.pl?biblionumber=632279

MARC

LEADER 00000nam0a2200000 4500
001 632279
005 20241121063151.0
035 |a (RuTPU)RU\TPU\conf\33987 
035 |a RU\TPU\conf\33820 
090 |a 632279 
100 |a 20201109d2020 k y0rusy50 ca 
101 0 |a rus 
102 |a RU 
105 |a y z 101zy 
135 |a drcn ---uucaa 
181 0 |a i  
182 0 |a b 
200 1 |a Перспективные материалы конструкционного и функционального назначения  |e сборник научных трудов Международной научно-технической молодежной конференции, Томск, 21–25 сентября 2020 г.  |f Национальный исследовательский Томский политехнический университет. Инженерная школа новых производственных технологий; под ред. С. П. Буяковой 
203 |a Текст  |c электронный 
210 |a Томск  |c Изд-во ТПУ  |d 2020 
300 |a Заглавие с экрана 
330 |a Разработка новых материалов и технологий получения изделий из них - одно из направлений развития технологического комплекса РФ. В сборнике представлены результаты широкого спектра научных работ, выполненных посредством численного моделирования поведения новых перспективных материалов и экспериментальных исследований. Большинство исследований выполнено молодыми исследователями под руководством известных ученых. Результаты исследований, приведенные в сборнике, касаются проблем надежности конструкционных материалов, создания новых функциональных материалов для возобновляемых источников энергии, термостойких и хладостойких материалов, методов модификации поверхности, технологий поверхностной обработки изделий. Знакомство молодых исследователей со сборником позволит им расширить свой кругозор в научном мире и сформировать научные коммуникативные компетенции. Материалы сборника трудов представляют интерес как для студентов, так и для молодых ученых, занимающихся проблемами материаловедения, разработкой технологий получения изделий из новых перспективных материалов. 
606 1 |a Материаловедение  |2 stltpush  |3 (RuTPU)RU\TPU\subj\41248  |9 61053 
610 1 |a электронный ресурс 
610 1 |a труды учёных ТПУ 
610 1 |a новые материалы 
610 1 |a новые технологии 
610 1 |a технологические комплексы 
610 1 |a численное моделирование 
610 1 |a материаловедение 
675 |a 620.22(063)  |v 4 
702 1 |a Буякова  |b С. П.  |g Светлана Петровна  |c специалист в области материаловедения  |c профессор Томского политехнического университета, доктор технических наук  |f 1968-  |y Томск  |3 (RuTPU)RU\TPU\pers\28995  |4 340  |9 13716 
712 1 2 |a Перспективные материалы конструкционного и функционального назначения  |b конференция  |e Томск  |f 2020 
712 0 2 |a Национальный исследовательский Томский политехнический университет  |b Инженерная школа новых производственных технологий  |c (2017- )  |3 (RuTPU)RU\TPU\col\23501 
801 2 |a RU  |b 63413507  |c 20201127  |g RCR 
856 4 |u http://earchive.tpu.ru/handle/11683/63821 
942 |c BK